| 000 | 00505nam a2200157 i 4500 | ||
|---|---|---|---|
| 001 | 33050 | ||
| 003 | ES-MaACL | ||
| 007 | t| | ||
| 008 | 030201s1932 fr ||||1| fre d | ||
| 100 | 1 |
_aBérard, Léon. _927824 |
|
| 245 | 1 | 0 |
_aExploration fonctionnelle des voies biliaires et chirurgie / _cpar Leon Berard et P. Mallet Guy. |
| 260 |
_aParis : _b[s.n., _c1932] ( _ePoitiers : _fSoc. Française d'Imprimerie) |
||
| 300 |
_a362 p. ; _c25 cm. |
||
| 700 | 1 |
_aMallet Guy, P. _975806 |
|
| 852 |
_aES-MaACL _jE-998 |
||
| 999 |
_c33050 _d33050 |
||